Spy academy / (Record no. 2346)

MARC details
000 -LEADER
fixed length control field 01300cam a22003497a 4500
001 - CONTROL NUMBER
control field 2346
003 - CONTROL NUMBER IDENTIFIER
control field FISKH
005 - DATE AND TIME OF LATEST TRANSACTION
control field 20240905104413.0
008 - FIXED-LENGTH DATA ELEMENTS--GENERAL INFORMATION
fixed length control field 131106s2012 nyu j 000 1 eng d
010 ## - LIBRARY OF CONGRESS CONTROL NUMBER
LC control number 2012418744
020 ## - INTERNATIONAL STANDARD BOOK NUMBER
International Standard Book Number 9780545371735 (pbk.)
020 ## - INTERNATIONAL STANDARD BOOK NUMBER
International Standard Book Number 9780545371742
020 ## - INTERNATIONAL STANDARD BOOK NUMBER
International Standard Book Number 0545371732 (pbk.)
035 ## - SYSTEM CONTROL NUMBER
System control number (OCoLC)ocn829674408
040 ## - CATALOGING SOURCE
Original cataloging agency ZQP
Transcribing agency ZQP
Modifying agency DLC
Language of cataloging eng
042 ## - AUTHENTICATION CODE
Authentication code lccopycat
050 00 - LIBRARY OF CONGRESS CALL NUMBER
Classification number PZ7.R9516
Item number Sp 2012
082 04 - DEWEY DECIMAL CLASSIFICATION NUMBER
Classification number 813.6
Edition number 22
100 1# - MAIN ENTRY--PERSONAL NAME
Personal name West, Tracey
245 10 - TITLE STATEMENT
Title Spy academy /
Statement of responsibility, etc. Tracey West
260 ## - PUBLICATION, DISTRIBUTION, ETC.
Place of publication, distribution, etc. New York :
Name of publisher, distributor, etc. Scholastic,
Date of publication, distribution, etc. 2011.
300 ## - PHYSICAL DESCRIPTION
Extent 85 pages ;
Dimensions 20 cm.
505 ## - FORMATTED CONTENTS NOTE
Formatted contents note J<br/><br/>
520 ## - SUMMARY, ETC.
Summary, etc. Zack Pearce is thrilled to be attending St. Perfidious Yearling Academy, known to its students as Spy Academy, but when he is accused of being a double agent from St. Perfidious's rival the ROGUE School, Zack wonders if he can uncover the real double agent before it's too late, and if anyone will believe him if he does.<br/>
521 0# - TARGET AUDIENCE NOTE
Target audience note 470<br/><br/>
Source Lexile Adjusted <br/><br/>
521 0# - TARGET AUDIENCE NOTE
Target audience note J<br/><br/>
Source Raz-Plus<br/>
650 #0 - SUBJECT ADDED ENTRY--TOPICAL TERM
Topical term or geographic name entry element Boarding schools
Form subdivision Juvenile fiction.
650 #0 - SUBJECT ADDED ENTRY--TOPICAL TERM
Topical term or geographic name entry element Boarding school students
Form subdivision Juvenile fiction.
650 #0 - SUBJECT ADDED ENTRY--TOPICAL TERM
Topical term or geographic name entry element Brainwashing
Form subdivision Juvenile fiction.
906 ## - LOCAL DATA ELEMENT F, LDF (RLIN)
a 7
b cbc
c copycat
d 2
e ncip
f 20
g y-gencatlg
942 ## - ADDED ENTRY ELEMENTS (KOHA)
Source of classification or shelving scheme Dewey Decimal Classification
Koha item type Books
Suppress in OPAC No
Holdings
Withdrawn status Lost status Source of classification or shelving scheme Damaged status Not for loan Collection Home library Current library Shelving location Date acquired Total Checkouts Full call number Barcode Date last seen Date last checked out Price effective from Koha item type
    Dewey Decimal Classification     Juvenile Fiction Footprints International School Library Network Toul Kork Campus Footprints International School Library Network Toul Kork Campus TK Primary Library Room(4th Floor), Bookcase 7, Shelves 57-60, Dark Green Books 11/17/2023 1 WES FIC PZ7.S80857 FISTK05388 08/21/2024 08/21/2024 11/17/2023 Books